<?xml version="1.0" encoding="UTF-8"?><?xml-stylesheet type="text/xsl" href="static/style.xsl"?><OAI-PMH xmlns="http://www.openarchives.org/OAI/2.0/" xmlns:xsi="http://www.w3.org/2001/XMLSchema-instance" xsi:schemaLocation="http://www.openarchives.org/OAI/2.0/ http://www.openarchives.org/OAI/2.0/OAI-PMH.xsd"><responseDate>2026-06-01T09:06:52Z</responseDate><request verb="GetRecord" identifier="oai:riuma.uma.es:10630/44768" metadataPrefix="marc">https://riuma.uma.es/rest/oai/request</request><GetRecord><record><header><identifier>oai:riuma.uma.es:10630/44768</identifier><datestamp>2026-01-24T00:46:37Z</datestamp><setSpec>com_10630_2254</setSpec><setSpec>col_10630_37953</setSpec></header><metadata><record xmlns="http://www.loc.gov/MARC21/slim" xmlns:dcterms="http://purl.org/dc/terms/" xmlns:doc="http://www.lyncode.com/xoai" xmlns:xsi="http://www.w3.org/2001/XMLSchema-instance" xsi:schemaLocation="http://www.loc.gov/MARC21/slim http://www.loc.gov/standards/marcxml/schema/MARC21slim.xsd">
   <leader>00925njm 22002777a 4500</leader>
   <datafield ind2=" " ind1=" " tag="042">
      <subfield code="a">dc</subfield>
   </datafield>
   <datafield ind2=" " ind1=" " tag="720">
      <subfield code="a">Esteban, Juan Miguel</subfield>
      <subfield code="e">author</subfield>
   </datafield>
   <datafield ind2=" " ind1=" " tag="720">
      <subfield code="a">Martín-Serra, Alberto</subfield>
      <subfield code="e">author</subfield>
   </datafield>
   <datafield ind2=" " ind1=" " tag="720">
      <subfield code="a">Pérez-Ramos, Alejandro</subfield>
      <subfield code="e">author</subfield>
   </datafield>
   <datafield ind2=" " ind1=" " tag="720">
      <subfield code="a">Figueirido-Castillo, Francisco Borja</subfield>
      <subfield code="e">author</subfield>
   </datafield>
   <datafield ind2=" " ind1=" " tag="260">
      <subfield code="c">2025</subfield>
   </datafield>
   <datafield ind2=" " ind1=" " tag="520">
      <subfield code="a">The vertebral column of pinnipeds (seals and kin) has undergone profound morphological changes, yet the functional consequences of these changes remain poorly explored. Here, we quantify the osteological range of motion (oROM) of presacral intervertebral joints across the cervical, thoracic, and lumbar regions of pinnipeds, as well as terrestrial and semi-aquatic carnivores for comparative purposes. To do this, we used 3D reconstructions of vertebral columns, and we applied Autobend, an experimentally validated methodology to quantify intervertebral joint mobility across axial, lateral, and sagittal planes from dry vertebrae. Our results reveal that pinnipeds exhibit greater intervertebral mobility than non-aquatic taxa, particularly in the lumbar region, which probably relates to their aquatic adaptations. However, cervical mobility is more reduced in pinnipeds, likely due to decreased reliance on head maneuverability. We also demonstrate differences among pinniped families that may relate to their distinct swimming styles and locomotion on land. Accordingly, the spine of otariids retains higher flexibility, while that of phocids exhibits greater coordination and rigidity across the thoracic region but high mobility in the lumbar spine. Odobenids show a unique pattern with reduced cervical mobility but high thoracic and lumbar flexibility. Finally, we relate these kinematic patterns to previously published data on vertebral integration and modularity. Our results may agree with previous hypotheses that reduced morphological integration is associated with increased mobility and vice versa.</subfield>
   </datafield>
   <datafield ind1="8" ind2=" " tag="024">
      <subfield code="a">Esteban, J. M., Martín-Serra, A., Pérez-Ramos, A., &amp; Figueirido, B. (2025). Patterns of spinal motion, kinematic spaces and the land-to-sea transition in carnivorans. The Anatomical Record, 1–19. https://doi.org/10.1002/ar.70102</subfield>
   </datafield>
   <datafield ind1="8" ind2=" " tag="024">
      <subfield code="a">https://hdl.handle.net/10630/44768</subfield>
   </datafield>
   <datafield ind1="8" ind2=" " tag="024">
      <subfield code="a">https://doi.org/10.1002/ar.70102</subfield>
   </datafield>
   <datafield tag="653" ind2=" " ind1=" ">
      <subfield code="a">Pinnípedos</subfield>
   </datafield>
   <datafield tag="653" ind2=" " ind1=" ">
      <subfield code="a">Columna vertebral</subfield>
   </datafield>
   <datafield ind2="0" ind1="0" tag="245">
      <subfield code="a">Patterns of spinal motion, kinematic spaces and the land-to-sea transition in carnivorans</subfield>
   </datafield>
</record>
</metadata></record></GetRecord></OAI-PMH>